000 01062nam a2200277 i 4500
003 DO-SdBNP
005 20231127082223.0
007 ta
008 100219s2000 dr co 001 0 spa d
040 _aDO-SdBNP
_bspa
_cBNPHU
_erda
082 _222
111 2 _aFabula Mutante
_n(noviembre
_d2000 :
_cMuseo de Arte Moderno, Santo Domingo, Dominica República)
_935650
245 1 0 _aOviedo :
_bfabula mutante /
_ctextos Antonio Ocaña ; traducciones Véronique Viala de Gerardo, Sara Hermann Szabo, Edouard Glissant
264 _aSanto Domingo :
_bFundación Ramón Oviedo,
_c2000.
300 _a94 páginas
_bretratos, fotografías
_c22 cm.
336 _2rdacontent
_atexto
_btxt
337 _2rdamedia
_asin mediación
_bn
338 _2rdacarrier
_avolumen
_bnc
590 _aInventariado, 2023/ YL
700 1 _aOcaña, Antonio
_etextos
_929507
700 1 _aViala de Gerardo, Véronique
_etraducción
_984666
700 1 _aHermann Szabo, Sara
_etraducción
_984667
700 1 _aGlissant, Edouard
_etraducción
_984668
910 _aYLockward
942 _2ddc
_cLBS1
999 _c55579
_d55579